000
00222nam a22000977a 4500
999
_c
16032
_d
16032
003
OSt
008
191028b ||||| |||| 00| 0 eng d
100
_a
Janardhnan,kannan.
_9
4492
245
_a
Sree moolam ramayanam
942
_c
BK